| 000 | 00446nam a2200121Ia 4500 | ||
|---|---|---|---|
| 008 | 171212s9999 xx 000 0 und d | ||
| 020 | _a9780833047694 | ||
| 100 | _aGlenn, Russell W. | ||
| 245 |
_cGlenn, Russell W. _aBand of Brothers or Dysfunctional Family? _bA Military Perspective on Coalition Challenges During Stability Operations |
||
| 260 |
_bRAND Corporation _c2011 |
||
| 650 | _aHistory | ||
| 856 | _uwww.jstor.org/stable/10.7249/mg903jfcom | ||
| 999 |
_c351791 _d351791 |
||